<?xml version="1.0" encoding="UTF-8"?>
<record
    xmlns:xsi="http://www.w3.org/2001/XMLSchema-instance"
    xsi:schemaLocation="http://www.loc.gov/MARC21/slim http://www.loc.gov/standards/marcxml/schema/MARC21slim.xsd"
    xmlns="http://www.loc.gov/MARC21/slim">

  <leader>00680nam a22001817a 4500</leader>
  <controlfield tag="005">20241217084623.0</controlfield>
  <controlfield tag="008">241217b        |||||||| |||| 00| 0 eng d</controlfield>
  <datafield tag="020" ind1=" " ind2=" ">
    <subfield code="a">9786035071673</subfield>
  </datafield>
  <datafield tag="040" ind1=" " ind2=" ">
    <subfield code="c">.</subfield>
  </datafield>
  <datafield tag="082" ind1=" " ind2=" ">
    <subfield code="2">1&#x637;</subfield>
    <subfield code="a">510.711 366 A  2014</subfield>
  </datafield>
  <datafield tag="100" ind1=" " ind2=" ">
    <subfield code="a">&#x627;&#x644;&#x639;&#x628;&#x62F;&#x627;&#x644;&#x644;&#x637;&#x64A;&#x641; , &#x645;&#x633;&#x627;&#x639;&#x62F;</subfield>
  </datafield>
  <datafield tag="245" ind1=" " ind2=" ">
    <subfield code="a">&#x623;&#x633;&#x64A;&#x627;&#x633;&#x64A;&#x627;&#x62A; &#x627;&#x644;&#x631;&#x64A;&#x627;&#x636;&#x64A;&#x627;&#x62A; &#x644;&#x637;&#x644;&#x628;&#x629; &#x627;&#x644;&#x643;&#x644;&#x64A;&#x627;&#x62A; &#x627;&#x644;&#x639;&#x644;&#x645;&#x64A;&#x629; :</subfield>
    <subfield code="b">/</subfield>
    <subfield code="c">&#x645;&#x633;&#x627;&#x639;&#x62F; &#x627;&#x644;&#x639;&#x628;&#x62F;&#x627;&#x644;&#x644;&#x637;&#x64A;&#x641;</subfield>
  </datafield>
  <datafield tag="250" ind1=" " ind2=" ">
    <subfield code="a">1 &#x637;</subfield>
  </datafield>
  <datafield tag="260" ind1=" " ind2=" ">
    <subfield code="b">&#x627;&#x644;&#x633;&#x639;&#x648;&#x62F;&#x64A;&#x629; , &#x627;&#x644;&#x631;&#x64A;&#x627;&#x636; , &#x62C;&#x627;&#x645;&#x639;&#x629; &#x627;&#x644;&#x645;&#x644;&#x643; &#x633;&#x639;&#x648;&#x62F; , 2014</subfield>
  </datafield>
  <datafield tag="300" ind1=" " ind2=" ">
    <subfield code="a">235 &#x635;</subfield>
    <subfield code="c">25 &#x633;&#x645;</subfield>
  </datafield>
  <datafield tag="650" ind1=" " ind2=" ">
    <subfield code="z">&#x627;&#x644;&#x631;&#x64A;&#x627;&#x636;&#x64A;&#x627;&#x62A; - &#x643;&#x62A;&#x628; &#x62F;&#x631;&#x627;&#x633;&#x64A;&#x629; l &#x627;&#x644;&#x631;&#x64A;&#x627;&#x636;&#x64A;&#x627;&#x62A; - &#x643;&#x62A;&#x628; &#x62C;&#x627;&#x645;&#x639;&#x64A;&#x629;</subfield>
  </datafield>
  <datafield tag="942" ind1=" " ind2=" ">
    <subfield code="2">ddc</subfield>
    <subfield code="c">BK-AR</subfield>
    <subfield code="n">0</subfield>
  </datafield>
  <datafield tag="999" ind1=" " ind2=" ">
    <subfield code="c">7429</subfield>
    <subfield code="d">7429</subfield>
  </datafield>
  <datafield tag="952" ind1=" " ind2=" ">
    <subfield code="0">0</subfield>
    <subfield code="1">0</subfield>
    <subfield code="2">ddc</subfield>
    <subfield code="4">0</subfield>
    <subfield code="7">0</subfield>
    <subfield code="a">KHOBAR</subfield>
    <subfield code="b">KHOBAR</subfield>
    <subfield code="d">2024-12-17</subfield>
    <subfield code="l">0</subfield>
    <subfield code="o">510.711 366 A  2014</subfield>
    <subfield code="p">1000000034507</subfield>
    <subfield code="r">2024-12-17 09:05:30</subfield>
    <subfield code="t">C1</subfield>
    <subfield code="w">2024-12-17</subfield>
    <subfield code="y">BK-AR</subfield>
  </datafield>
</record>
